00359nam a22001217a 4500008004100000020001500041050002800056100001800084245004800102250004100150300002700191650001900218180727b xxu||||| |||| 00| 0 eng d a0130464740 aHB172.5 b.C37 2003 c.1 aCase, Karl E. aPrinciples of Macroeconomics cKarl E. Case a6th ed. b2002- 2003 updated edition a1 vol (various paging) aMacroeconomics